[Event "FRA-ch Blitz Online Qual"]
[Site "Europe Echecs INT"]
[Date "2020.05.16"]
[Round "11"]
[White "Capouilliet, Sylvain"]
[Black "Sureau, Corentin"]
[Result "0-1"]
[WhiteElo "1821"]
[BlackElo "1686"]
[PlyCount "106"]
[EventDate "2020.05.16"]
[EventType "swiss (blitz)"]
[EventRounds "15"]
[EventCountry "FRA"]
[SourceTitle "CBM 196 Extra"]
[Source "ChessBase"]
[SourceDate "2020.07.31"]
[SourceVersion "1"]
[SourceVersionDate "2020.07.31"]
[SourceQuality "1"]

1. d4 Nf6 2. Bg5 d5 3. Bxf6 gxf6 4. e3 Nc6 5. c4 dxc4 6. Bxc4 e5 7. Ne2 Bf5 8. Qb3 Qd7 9. 0-0 Bd6 10. Ng3 Bg4 11. f3 Be6 12. Bxe6 fxe6 13. d5 exd5 14. Qxd5 0-0-0 15. Nc3 Nb4 16. Qb3 h5 17. a3 Na6 18. h4 Rhg8 19. Nge4 Nc5 20. Qb5 Qh3 21. Rf2 Nxe4 22. Nxe4 f5 23. Ng5 Qxh4 24. Nf7 e4 25. f4 Rd7 26. Qxf5 Bc5 27. Rd1 Bxe3 28. Qxd7+ Kb8 29. Rdf1 Qg3 30. Ng5 Bxf2+ 31. Rxf2 e3 32. Rf3 Qe1+ 33. Kh2 Qh4+ 34. Kg1 e2 35. Re3 e1Q+ 36. Rxe1 Qxe1+ 37. Kh2 h4 38. Qd5 Qg3+ 39. Kg1 Re8 40. Qf3 Re1+ 41. Qf1 Rxf1+ 42. Kxf1 Qxf4+ 43. Kg1 Qxg5 44. Kh2 Qc1 45. Kh3 Qxb2 46. Kxh4 Qxa3 47. g4 Qb4 48. Kh5 a5 49. g5 a4 50. g6 Qc5+ 51. Kh6 Qd6 52. Kh7 Qxg6+ 53. Kxg6 a3 0-1